Etica para Amador
Na minha lista:
| Autor principal: | |
|---|---|
| Formato: | Livro |
| Idioma: | espanhol |
| Publicado em: |
Buenos Aires
Ariel
2008
|
| Edição: | 2a. ed |
| coleção: | Biblioteca Fernando Savater, 5
|
| Assuntos: | |
| Tags: |
Adicionar Tag
Sem tags, seja o primeiro a adicionar uma tag!
|
MARC
| LEADER | 00000nam a2200000 a 4500 | ||
|---|---|---|---|
| 001 | UCH2519 | ||
| 003 | CL-VaPUC | ||
| 008 | 090618e20080000AG |||||||||||||||||spa|d | ||
| 020 | |a 9789509122437 | ||
| 082 | 0 | 4 | |a 170 |b SAV |2 21 |
| 100 | 0 | |a Savater, Fernando |e author |9 537377 | |
| 245 | 1 | 0 | |a Etica para Amador |
| 250 | |a 2a. ed | ||
| 300 | |a 143 p | ||
| 942 | |c BK | ||
| 945 | |d 20090618 00:00:00 |a rbrito | ||
| 260 | |a Buenos Aires |b Ariel |c 2008 | ||
| 650 | 0 | |a Ética |9 255099 | |
| 650 | 0 | |a Valores morales |9 310604 | |
| 650 | 0 | |a Filosofía moral |9 310115 | |
| 650 | 0 | |a Educación moral |9 308319 | |
| 583 | |a last modification |c 20090618 00:00:00 |k Rodrigo Vera | ||
| 490 | 0 | |a Biblioteca Fernando Savater, 5 | |
| 999 | |c 334250 |d 334248 | ||
| 952 | |0 0 |1 0 |4 0 |6 170_000000000000000_SAV_2008 |7 0 |8 A |9 423125 |a BIBCUR |b BIBCUR |d 2019-11-22 |i 4562070 |l 1 |m 1 |o 170 SAV 2008 |p 4562070 |r 2025-04-22 |s 2022-08-12 |w 2019-11-22 |y BK |k PER | ||